Sedem populárnych (falošných) mýtov o výplatách dôchodkov z II. piliera

Analýza najviac používaných výhrad, ktoré sa vyskytujú v súvislosti so zverejnenou anuitnou novelou zákona o starobnom dôchodkovom sporení.

Gespeichert in:
Bibliographische Detailangaben
1. Verfasser: Čamek, Miroslav
Format: Buchkapitel
Sprache:Slowakisch
Schlagworte:
Tags: Tag hinzufügen
Keine Tags, Fügen Sie das erste Tag hinzu!

MARC

LEADER 00000naa a2200000 4500
001 0181598
005 20231204141800.4
041 0 |a slo 
044 |a SK 
245 1 0 |a Sedem populárnych (falošných) mýtov o výplatách dôchodkov z II. piliera  |c Miroslav Čamek 
520 |a Analýza najviac používaných výhrad, ktoré sa vyskytujú v súvislosti so zverejnenou anuitnou novelou zákona o starobnom dôchodkovom sporení. 
610 2 0 |a poistenie sociálne 
610 2 0 |a poistenie dôchodkové 
610 2 0 |a dávky zabezpečenia dôchodkového 
610 2 0 |a dôchodky starobné 
610 2 0 |a poisťovne dôchodkové doplnkové 
610 2 0 |a poisťovne sociálne 
100 1 |a Čamek, Miroslav